As notas de Nora (Registo nº 4047)

Detalhes MARC
000 -Etiqueta do registo
Cabeçalho 00752nam0a2200265 4500
005 - Identificador da versão
Campo de controlo 20240813122051.0
010 ## - Número internacional normalizado dos livros (ISBN)
Número (ISBN) 9895000529
021 ## - Número do Depósito Legal
Código do país PT
Número 249251/06
100 ## - Dados gerais de processamento
Dados gerais de processamento 20161215d2006 de y0pory5003 ba
102 ## - Pais de publicação ou produção
País de publicação Portugal
101 1# - Língua de publicação
Língua do texto, banda sonora, etc. Português
Língua do documento no original Inglês
215 ## - Descrição física 
Indicação específica da natureza do documento e extensão da espécie 139 p
200 1# - Titulo e menção de responsabilidade
Título próprio As notas de Nora
Primeira menção de responsabilidade Andrew Clements
Outras menções de responsabilidade il. por Brian Selznick
225 1# - Colecção 
Título próprio da colecção Montanha encantada
210 ## - Publicação, Distribuição, etc. 
Lugar da edição, distribuição, etc. Rio de Mouro
Nome do editor, distribuidor, etc. Everest ed.
Data da publicação, distribuição, etc. D. L. 2006
300 ## - Notas gerais 
Texto da nota PNL
606 ## - Nome comum usado como assunto
Número de registo de entrada de autoridade 0001524
Palavra de ordem Literatura americana
Subdivisão de assunto Conto
Código do sistema CA
675 ## - Classificação Decimal Universal (CDU)
Notação 821.111(73)-34
Edição 3ª ed.
Língua da edição por
702 #1 - Nome de autor-pessoa física (responsabilidade secundária)
Número de registo de entrada de autoridade 0000552
Palavra de ordem Selznick
Outra parte do nome não tomada para palavra de ordem Brian
Datas 1966-
Código de função Ilustrador / Técnico de desenho computorizado
700 #1 - Nome de autor-pessoa física (responsabilidade principal)
Número de registo de entrada de autoridade 0000551
Palavra de ordem Clements
Outra parte do nome não tomada para palavra de ordem Andrew
Datas 1949-
966 ## - Identificação da Biblioteca
Sigla EBVEN
942 ## - Elementos de entrada adicionados (Koha)
Tipo de item no Koha Livro
Exemplares
Situação do levantamento Origin of item (home branch) (coded) Biblioteca de empréstimo Código de barras Cota Circulation type (not for loan) Tipo de documento Nota do exemplar Damaged status
  Biblioteca Escolar das Vendas Biblioteca Escolar das Vendas BEV2085 8EST CLE PNL   Livro Sem mensagem